000 00281nam a2200109Ia 4500
008 240521s2008 xx 000 0 und d
041 _aeng
100 _aAUSTEN.J.
245 _aPRIDE & PREJUDICE
260 _bUSB PUBLISHERS DISTRIBUTORS PVT.LTD.,NEW DELHI
_c2008
300 _a454
999 _c1160895
_d1160895